000 00679nam a2200217 u 4500
005 20221020063421.0
008 091005s2007 r 000 0 eng d
020 _a8470742175 (10 dígitos)
020 _a9788470742170 (13 dígitos)
035 _aUPN01000172875
049 _aCG
050 4 _aHF5821
_bG3.3
100 1 _aGarcía Guardia, María Luisa
245 1 0 _aFundamentos de la realización publicitaria /
_cMa. Luisa García Guardia, Tania Menéndez Hevia.
260 _aMadrid :
_bFragua,
_c2007.
300 _a154 p. :
_bil.
440 0 _aFragua comunicación ;
_v45
650 2 _aPublicidad
_95809
700 1 _aMenéndez Hevia, Tania,
_ecoaut.
905 _aLibro
999 _c144979
_d144979